Guía para la identificación de enfermedades en cereales de grano pequeño /

Guardado en:
Autor Principal: Zillinsky, F. J.
Autores Corporativos: Centro Internacional de Mejoramiento de Maíz y Trigo., International Maize and Wheat Improvement Center.
Formato: Libro
Idioma:Spanish
Publicado: México : CIMMYT, 1984.
Materias:
Acceso en línea:Acceso a texto completo
Etiquetas: Agregar Etiqueta
Sin Etiquetas, Sea el primero en etiquetar este registro!
LEADER 00934nam a22002295a 4500
001 EEA.libagro011406
008 220526s1984####mx#a##########000#0#spa#d
005 20220527120502.0
245 1 0 |a Guía para la identificación de enfermedades en cereales de grano pequeño /  |c F.J. Zillinsky. 
260 |a México :  |b CIMMYT,  |c 1984. 
300 |a 141 p. :  |b il. col. ;  |c 27,5 cm. 
100 1 |a Zillinsky, F. J. 
710 2 |a Centro Internacional de Mejoramiento de Maíz y Trigo. 
710 2 |a International Maize and Wheat Improvement Center. 
082 0 4 |a 633.1049 
650 7 |a Trigo  |2 agrovoc 
650 7 |a Cereales  |2 agrovoc 
650 7 |a Enfermedades de las plantas  |2 agrovoc 
650 7 |a Enfermedades bacterianas  |2 agrovoc 
650 7 |a Fusarium  |2 agrovoc 
856 4 1 |3 Acceso a texto completo  |u https://repository.cimmyt.org/bitstream/handle/10883/1105/13166.pdf?sequence=1&isAllowed=y 
859 |a AR-BbBCA  |b BIB. AGRONOMIA  |h 633.1049  |i Z69  |p 2022/7212